00867nam a2200193 a 450000100100000000500170001000800410002704000250006808200150009310000550010824501300016326000410029330000370033470000500037104900090042195201130043095201130054399900170065600001513220240305124616.0100201s19uu dr ac 001 0 spa d aDO-SdBNPbspacBNPHU axxxbC957r1 a Cruz Infante, José A., q(José Abigail)9246010aRecuerdos universitarios :bvida en un colegio mayor /cJosé Abigail Cruz Infante ; prólogo Juan Alberto Peña Lebrón. a[Santo Domingo] :b[19--?],c[s.n.]. a165 p. :bil. ; retrs. ;c22 cm.1 aPeña Lebrón, Juan Albertoepról.928669 aBNPD 0010718PDaPDbPDcCTd2010-02-01iLF1l0oxxx C957rp15132-10r2020-06-25w2020-06-25yLFPDZNo se presta 0010718PDaPDbPDcCTd2010-03-26iLF1l0oxxx C957rp15133-60r2020-06-25w2020-06-25yLFPDZNo se presta c14704d14704